000 00494nam a22001817a 4500
008 150520b xxu||||| |||| 00| 0 eng d
020 _a0071151222 (international ed.)
041 0 _aeng
080 _a658.8
245 0 0 _aMarketing /
_cRoger A. Kerin ... [et al.].
250 _aBotimi shtatë
260 _aBoston, Mass. :
_bMcGraw-Hill/Irwin,
_cc2003.
300 _a741 f
_bme il
_c29 cm.
505 _aIndex:f. 714-741
650 0 _aMarketing
700 1 _aKerin, Roger A.
942 _2udc
_cBK
999 _c848
_d848